[Event "Ruhrgebiet Verbandsklasse Gruppe 2 1516"]
[Site "Germany"]
[Date "2016.01.24"]
[Round "6.8"]
[White "Multhaup, Alexander"]
[Black "Gitschel, Ralf"]
[Result "1-0"]
[WhiteElo "1785"]
[BlackElo "1851"]
[PlyCount "55"]
[EventDate "2015.09.06"]
[EventType "team-tourn"]
[EventRounds "9"]
[EventCountry "GER"]
[SourceTitle "EXT 2022"]
[Source "ChessBase"]
[SourceDate "2021.10.06"]
[SourceVersion "1"]
[SourceVersionDate "2021.10.06"]
[SourceQuality "1"]
[WhiteTeam "Recklinghausen Laeufer Ost"]
[BlackTeam "Eichlinghofen SV"]
[WhiteTeamCountry "GER"]
[BlackTeamCountry "GER"]

1. e4 e5 2. Bc4 Nc6 3. Nf3 Nf6 4. d3 Be7 5. Nc3 d6 6. Be3 Na5 7. Bb3 0-0 8. d4 exd4 9. Bxd4 c5 10. Bxf6 Bxf6 11. Bd5 Nc6 12. Qd2 Bg4 13. 0-0-0 Nd4 14. Qd3 Rb8 15. h3 Bxf3 16. gxf3 b5 17. f4 Qa5 18. Rhg1 Rfe8 19. Rde1 c4 20. Qg3 Re7 21. e5 Rbe8 22. exf6 Rxe1+ 23. Rxe1 Rxe1+ 24. Kd2 g6 25. Kxe1 b4 26. Qg4 Qd8 27. Ne4 h5 28. Qxg6+ 1-0

[Event "Ruhrgebiet Verbandsklasse Gruppe 2 1516"]
[Site "Germany"]
[Date "2015.12.20"]
[Round "5.7"]
[White "Multhaup, Alexander"]
[Black "Meise, Ulrich"]
[Result "0-1"]
[WhiteElo "1785"]
[BlackElo "1796"]
[PlyCount "62"]
[EventDate "2015.09.06"]
[EventType "team-tourn"]
[EventRounds "9"]
[EventCountry "GER"]
[SourceTitle "EXT 2022"]
[Source "ChessBase"]
[SourceDate "2021.10.06"]
[SourceVersion "1"]
[SourceVersionDate "2021.10.06"]
[SourceQuality "1"]
[WhiteTeam "Recklinghausen Laeufer Ost"]
[BlackTeam "Gerthe Werne"]
[WhiteTeamCountry "GER"]
[BlackTeamCountry "GER"]

1. e4 e5 2. Nf3 Nf6 3. Nc3 d6 4. Bc4 Be7 5. d3 0-0 6. Be3 Nc6 7. Qd2 Na5 8. Nd5 Nxc4 9. Nxf6+ Bxf6 10. dxc4 b6 11. 0-0-0 Bb7 12. Qd3 Qe8 13. Nd2 Qe7 14. f4 exf4 15. Bxf4 Qe6 16. Qg3 a5 17. Rhe1 Rfe8 18. Re2 b5 19. Qb3 bxc4 20. Nxc4 Ba6 21. Rd5 Rab8 22. Qd3 c6 23. Rxd6 Qxc4 24. b3 Qc5 25. c4 Qa3+ 26. Kd1 Rbd8 27. e5 Be7 28. Qg3 Qc5 29. Rxd8 Rxd8+ 30. Kc2 Bxc4 31. Qc3 Bxe2 0-1

[Event "Ruhrgebiet Verbandsklasse Gruppe 2 1516"]
[Site "Germany"]
[Date "2015.11.29"]
[Round "4.8"]
[White "Multhaup, Alexander"]
[Black "Butschek, Gerhard"]
[Result "1-0"]
[WhiteElo "1785"]
[BlackElo "1693"]
[PlyCount "61"]
[EventDate "2015.09.06"]
[EventType "team-tourn"]
[EventRounds "9"]
[EventCountry "GER"]
[SourceTitle "EXT 2022"]
[Source "ChessBase"]
[SourceDate "2021.10.06"]
[SourceVersion "1"]
[SourceVersionDate "2021.10.06"]
[SourceQuality "1"]
[WhiteTeam "Recklinghausen Laeufer Ost"]
[BlackTeam "Bochum SG IV"]
[WhiteTeamCountry "GER"]
[BlackTeamCountry "GER"]

1. e4 b6 2. d4 Bb7 3. Nc3 e6 4. Bd3 Nf6 5. f4 d5 6. e5 Ng8 7. Nf3 Nd7 8. f5 exf5 9. Bxf5 g6 10. Bh3 Bg7 11. Qe2 Qe7 12. Bg5 f6 13. Bxd7+ Kxd7 14. exf6 Qxe2+ 15. Nxe2 Nxf6 16. Ne5+ Ke8 17. 0-0 Ne4 18. Rf7 Bf8 19. Bf6 Nxf6 20. Rxf6 Be7 21. Rf7 Bd6 22. Rg7 Ba6 23. Nf4 Bxe5 24. dxe5 c6 25. Ne6 Be2 26. h3 a5 27. Rb7 Rc8 28. Kf2 Bb5 29. a4 Ba6 30. Nc7+ Rxc7 31. Rxc7 1-0

[Event "Ruhrgebiet Verbandsklasse Gruppe 1 1415"]
[Site "Germany"]
[Date "2015.04.26"]
[Round "9.6"]
[White "Lueker, Horst"]
[Black "Multhaup, Alexander"]
[Result "1-0"]
[WhiteElo "1833"]
[BlackElo "1785"]
[PlyCount "115"]
[EventDate "2014.09.21"]
[EventType "team-tourn"]
[EventRounds "9"]
[EventCountry "GER"]
[SourceTitle "EXT 2022"]
[Source "ChessBase"]
[SourceDate "2021.10.06"]
[SourceVersion "1"]
[SourceVersionDate "2021.10.06"]
[SourceQuality "1"]
[WhiteTeam "Hervest Dorsten"]
[BlackTeam "Recklinghausen Laeufer Ost"]
[WhiteTeamCountry "GER"]
[BlackTeamCountry "GER"]

1. e4 e5 2. Nf3 Nc6 3. c3 f5 4. d3 Nf6 5. Qc2 Bc5 6. h3 0-0 7. Be2 fxe4 8. dxe4 d5 9. exd5 Nxd5 10. Bg5 Bxf2+ 11. Kf1 Qxg5 12. Kxf2 Ne3 13. Qc1 e4 14. Qxe3 Qxe3+ 15. Kxe3 exf3 16. Bxf3 Ne5 17. Nd2 Nxf3 18. Nxf3 b6 19. Rad1 Be6 20. a3 Rae8 21. Kf2 Re7 22. Rhe1 h5 23. Kg1 Rfe8 24. Rd4 Kf8 25. Ng5 Bd7 26. Rf4+ Kg8 27. Rxe7 Rxe7 28. Kf2 Bc6 29. h4 b5 30. Rd4 Rd7 31. Rxd7 Bxd7 32. Ke3 Kf8 33. Kd4 Ke7 34. Ke5 Bc8 35. g3 g6 36. Ne4 a5 37. Nc5 c6 38. Nd3 a4 39. Nf4 Bf5 40. Nxh5 Bd7 41. Nf6 Be6 42. g4 Bf7 43. h5 gxh5 44. gxh5 Bb3 45. h6 Kf7 46. h7 Kg7 47. Kd6 c5 48. Kxc5 Bc4 49. Ne8+ Kxh7 50. Nd6 Bb3 51. Nxb5 Kg7 52. Nd4 Bd1 53. c4 Kf6 54. Kd6 Kf7 55. c5 Ke8 56. Ne6 Bg4 57. c6 Bxe6 58. Kxe6 1-0

[Event "Ruhrgebiet Verbandsklasse Gruppe 1 1415"]
[Site "Germany"]
[Date "2015.03.29"]
[Round "8.5"]
[White "Wiktor, Reinhard"]
[Black "Multhaup, Alexander"]
[Result "0-1"]
[WhiteElo "1785"]
[BlackElo "1765"]
[PlyCount "76"]
[EventDate "2014.09.21"]
[EventType "team-tourn"]
[EventRounds "9"]
[EventCountry "GER"]
[SourceTitle "EXT 2022"]
[Source "ChessBase"]
[SourceDate "2021.10.06"]
[SourceVersion "1"]
[SourceVersionDate "2021.10.06"]
[SourceQuality "1"]
[WhiteTeam "Mengede SG"]
[BlackTeam "Recklinghausen Laeufer Ost"]
[WhiteTeamCountry "GER"]
[BlackTeamCountry "GER"]

1. d4 d5 2. Nf3 c5 3. e3 Nc6 4. Be2 Nf6 5. 0-0 Bf5 6. c3 a6 7. dxc5 e5 8. b4 e4 9. Nd4 Be6 10. Nxc6 bxc6 11. Nd2 Be7 12. Nb3 0-0 13. Bb2 Qd7 14. a4 Rfc8 15. a5 Ng4 16. Bxg4 Bxg4 17. Qd2 Qe6 18. Kh1 Qh6 19. Nd4 Bf6 20. f3 Bxd4 21. Qxd4 Bf5 22. f4 Re8 23. Qd2 Re6 24. Rf2 Qh4 25. g3 Qh3 26. Qe1 Rg6 27. Rd2 Bg4 28. c4 h5 29. f5 Rg5 30. Be5 Rxf5 31. Bd6 dxc4 32. Kg1 Re8 33. Rf2 Bf3 34. Qc3 h4 35. Qxc4 hxg3 36. Bxg3 Rg5 37. Qd4 Rxg3+ 38. hxg3 Qh1# 0-1

[Event "Ruhrgebiet VK2 1112"]
[Site "Nordrheinwestfalen"]
[Date "2012.01.08"]
[Round "5.6"]
[White "Multhaup, Alexander"]
[Black "Gielisch, Ulrich"]
[Result "0-1"]
[WhiteElo "1656"]
[BlackElo "1743"]
[PlyCount "62"]
[EventDate "2012.09.18"]
[EventType "team-tourn"]
[EventRounds "9"]
[EventCountry "GER"]
[SourceTitle "EXT 2020"]
[Source "ChessBase"]
[SourceDate "2019.10.17"]
[SourceVersion "1"]
[SourceVersionDate "2019.10.17"]
[SourceQuality "1"]
[WhiteTeam "Recklinghausen Laeufer Ost II"]
[BlackTeam "Marten Boevinghausen"]
[WhiteTeamCountry "GER"]
[BlackTeamCountry "GER"]

1. e4 e6 2. d4 d5 3. exd5 exd5 4. c4 Nf6 5. Nc3 Be7 6. Nf3 0-0 7. Bd3 dxc4 8. Bxc4 Bg4 9. Be2 Nbd7 10. Bf4 c6 11. 0-0 Nb6 12. Ne5 Bxe2 13. Nxe2 Nbd5 14. Qd3 Re8 15. Rac1 Bd6 16. Rfe1 Nh5 17. Qf3 Nhxf4 18. Nxf4 Nxf4 19. Qxf4 f6 20. Rcd1 Qc7 21. Qf5 fxe5 22. dxe5 Bxe5 23. Rd7 Bxh2+ 24. Kf1 Rxe1+ 25. Kxe1 Qe5+ 26. Qxe5 Bxe5 27. Rxb7 Bd4 28. f3 Bb6 29. b3 Kf8 30. Rd7 Re8+ 31. Kd2 Rd8 0-1

[Event "Ruhrgebiet VK2 1112"]
[Site "Nordrheinwestfalen"]
[Date "2011.10.09"]
[Round "2"]
[White "Multhaup, Alexander"]
[Black "Seibert, Michael"]
[Result "0-1"]
[WhiteElo "1656"]
[BlackElo "1947"]
[PlyCount "66"]
[EventDate "2012.09.18"]
[EventType "team-tourn"]
[EventRounds "9"]
[EventCountry "GER"]
[SourceTitle "EXT 2020"]
[Source "ChessBase"]
[SourceDate "2019.10.17"]
[SourceVersion "1"]
[SourceVersionDate "2019.10.17"]
[SourceQuality "1"]
[WhiteTeam "Recklinghausen Laeufer Ost II"]
[BlackTeam "Oberhausen SV III"]
[WhiteTeamCountry "GER"]
[BlackTeamCountry "GER"]

1. e4 c5 2. Bc4 g6 3. d4 cxd4 4. Qxd4 Nf6 5. Nc3 Nc6 6. Qd1 Qa5 7. Bd2 Qb4 8. b3 Qb6 9. Nf3 Bg7 10. 0-0 0-0 11. Be3 Qa5 12. Bd2 Qh5 13. Be2 d6 14. Ng5 Bg4 15. f3 Bd7 16. h3 h6 17. f4 Ng4 18. hxg4 Bd4+ 19. Rf2 Bxf2+ 20. Kxf2 Qh4+ 21. Kg1 hxg5 22. fxg5 Nd4 23. Nd5 Rae8 24. Bf3 Nxf3+ 25. gxf3 Qg3+ 26. Kf1 Bc6 27. Bc3 Bxd5 28. exd5 e5 29. Ke2 Qg2+ 30. Ke3 f5 31. gxf6 Rxf6 32. Qf1 Qxc2 33. Qe1 Ref8 0-1